Direktori parlimen 50 tahun : terbitan khas sempena ulang tahun parlimen ke 50

Bibliographic Details
Corporate Author: Malaysia
Format: Book
Published: Kuala Lumpur , 2010
Subjects:

MARC

LEADER 00000cam a2200000 7i4500
001 0000003785
005 20110621.0
090 0 0 |a 328.595   |b MAL 2010 
110 1 0 |a Malaysia 
245 1 0 |a Direktori parlimen 50 tahun :   |b terbitan khas sempena ulang tahun parlimen ke 50 
260 0 0 |a Kuala Lumpur ,   |c 2010 
300 |a 330 p. ;   |c 30 cm. 
650 0 0 |a Bangunan parlimen 
650 0 0 |a Dewan Negara 
650 0 0 |a Dewan Rakyat 
650 0 0 |a Malaysia. parlimen 
998 |a JPSM 
999 |a 007631   |b Monograph   |c Open Shelf   |e Default branch